书目信息 |
| 题名: |
数字签密原理与技术
|
|
| 作者: | 廖永建 , 李发根 著 | |
| 分册: | ||
| 出版信息: | 北京 科学出版社 2014 |
|
| 页数: | 202页 | |
| 开本: | 24cm | |
| 丛书名: | ||
| 单 册: | ||
| 中图分类: | TN918.4 | |
| 科图分类: | ||
| 主题词: | 密码--加密技术 , 密码 , 加密技术 | |
| 电子资源: | ||
| ISBN: | 978-7-03-039740-9 | |
| 000 | 00985nam0 2200253 450 | |
| 001 | 142438 | |
| 005 | 20141221132431.18 | |
| 010 | @a978-7-03-039740-9@dCNY 60.00 | |
| 100 | @a20140508d2014 em y0chiy50 ea | |
| 101 | 0 | @achi |
| 102 | @aCN@b110000 | |
| 105 | @ay z 000yy | |
| 200 | 1 | @a数字签密原理与技术@9shu zi qian mi yuan li yu ji shu@b专著@f李发根,廖永建著 |
| 210 | @a北京@c科学出版社@d2014 | |
| 215 | @a202页@d24cm | |
| 330 | @a本书详细介绍了数字签密的安全模型、方案设计和安全性证明。主要包括基于PKI的签密体制、基于身份的签密体制、无证书签密体制、具有特殊性质的签密体制、混合签密体制、异构签密体制几个方面内容。本书紧密围绕上述数字签密问题进行阐述,基本上覆盖了数字签密的研究内容,对数字签密的发展趋势和新的研究课题也进行了分析。 | |
| 606 | 0 | @a密码@x加密技术 |
| 606 | 0 | @a密码 |
| 606 | 0 | @a加密技术 |
| 690 | @aTN918.4@v5 | |
| 701 | 0 | @a廖永建@9liao yong jian@f(1973 )@4著 |
| 701 | 0 | @a李发根@9li fa gen@4著 |
| 801 | 0 | @c20141221 |
| 905 | @a241430@dTN918.4@eL152 | |
| 数字签密原理与技术/李发根,廖永建著.-北京:科学出版社,2014 |
| 202页;24cm |
| ISBN 978-7-03-039740-9:CNY 60.00 |
| 本书详细介绍了数字签密的安全模型、方案设计和安全性证明。主要包括基于PKI的签密体制、基于身份的签密体制、无证书签密体制、具有特殊性质的签密体制、混合签密体制、异构签密体制几个方面内容。本书紧密围绕上述数字签密问题进行阐述,基本上覆盖了数字签密的研究内容,对数字签密的发展趋势和新的研究课题也进行了分析。 |
| ● |
| 相关链接 |
|
|
|
正题名:数字签密原理与技术
索取号:TN918.4/L152
 
预约/预借
| 序号 | 登录号 | 条形码 | 馆藏地/架位号 | 状态 | 备注 |
| 1 | 1134925 | 211349254 | 自科库301/404自科库 17排6列1层/ [索取号:TN918.4/L152] | 在馆 | |
| 2 | 1134926 | 211349263 | 自科库301/301自科库 998排5列3层/ [索取号:TN918.4/L152] | 在馆 | |
| 3 | 1134927 | 211349272 | 自科库301/301自科库 998排6列3层/ [索取号:TN918.4/L152] | 在馆 |